[Event "USA-ch"]
[Site "San Diego"]
[Date "2004.12.03"]
[Round "8"]
[White "Bercys, Salvijus"]
[Black "Shabalov, Alexander"]
[Result "1-0"]
[WhiteElo "2356"]
[BlackElo "2608"]
[Annotator "Mikhalevski,V"]
[PlyCount "159"]
[EventDate "2004.11.24"]
[EventType "swiss"]
[EventRounds "9"]
[EventCountry "USA"]
[SourceTitle "CBM 105"]
[Source "ChessBase"]
[SourceDate "2005.04.11"]
[SourceVersion "1"]
[SourceVersionDate "2005.04.11"]
[SourceQuality "1"]

1. d4 d5 2. c4 c6 3. Nf3 Nf6 4. e3 e6 5. Bd3 Nbd7 6. Nbd2 c5 $1 {This is
considered to be the best reaction on this moves order in this Anti-Meran
setup of Slav defense.} 7. b3 $1 Be7 8. O-O O-O 9. Bb2 b6 10. Qe2 Bb7 11. Rad1
{White is slightly better thanks to two extra tempi, one of them as White and
second Black lost on c7-c6-c5.} Qc7 ({After} 11... Ne4 $6 12. dxc5 bxc5 $2 {
Black lost a pawn:} (12... Nexc5 $142) 13. Nxe4 $1 dxe4 14. Bxe4 $1 Bxe4 15.
Ne5 $16 {1-0 Inarkiev,E-Nikolajev,D/Pardubice CZE 2002/The Week in Chess 403 
(47). (46)}) 12. Ne5 {White is intending to strengthen his position in the
centre by means of f4.} (12. e4 {is the main alternative. Here is an example:}
dxc4 13. Nxc4 cxd4 14. e5 Nh5 15. Bc1 Nc5 16. Nxd4 Nxd3 17. Rxd3 g6 18. Nd6 $6
(18. Bh6 $5 Rfd8 19. Rc1 $36 {[%csl Rc7]}) 18... Bxd6 19. exd6 Qxd6 20. Nf5 Qc7
21. Nh6+ Kg7 22. Ng4 Rfd8 23. Bh6+ Kg8 24. Rfd1 Qe7 {Black succeeded to cover
his weak dark squares and eventually realized an extra pawn. 0-1 Ibragimov,
I-Shabalov,A/Oak Brook 2004/CBM 100 ext (72)}) 12... Rad8 (12... Nxe5 {looks
dangerous in view of the following game:} 13. dxe5 Ne4 14. cxd5 exd5 (14...
Nxd2 15. Rxd2 Bxd5 16. f4 $16) 15. Nxe4 dxe4 16. Bc4 Bc6 17. Qg4 Rad8 18. Rxd8
Rxd8 19. e6 f6 20. Bxf6 $1 g6 21. Qg5 Re8 22. Qh6 $1 {Polgar,Zsu-Varga,Z/
HUN-ch rapid/CBM27[Polgar,Zsu] and Black resigned because if 22...Bf6 then 23.
e7 Kh8 24.Qf8 mates..}) 13. f4 cxd4 {A novelty, which doesn't look too good.
Now Black will not be able to place his knight on e4.} ({Earlier Black played
only} 13... Ne4 {trying to compensate a strong position of the white knight on
e5, but also couldn't equalize.} 14. cxd5 exd5 15. Nxe4 ({One of the first
games in this line saw} 15. Nxd7 Qxd7 16. dxc5 Nxd2 17. Qxd2 bxc5 18. Qc2 f5
19. Be5 Qe6 20. Rfe1 Rc8 21. Rc1 g6 22. Qb2 Bf6 23. Bxf6 Qxf6 24. Qxf6 Rxf6 $11
{1/2-1/2 Bondarevsky,I-Ravinsky,G/Leningrad 1949/MCD (27)}) 15... dxe4 16. Bc4
cxd4 (16... Nf6 {turned out to be bad after} 17. dxc5 Bxc5 18. Nxf7 $1 Rxf7 19.
Bxf6 gxf6 20. Rxd8+ Qxd8 21. Rd1 Qe7 22. Qg4+ Kh8 23. Bxf7 Qxf7 24. Rd7 $18 {
with a decisive advantage in O'Kelly,A-Kottnauer,C Amsterdam 1950/MCL[Ftacnik]}
) 17. Bxd4 Nf6 18. Ng4 Nxg4 19. Qxg4 $16 {1-0 Mikhalchishin,A-Slobodjan,R/
Dortmund 1993/TD (30). (29) and Black was unable to solve problems with his
king without giving up some material.}) 14. exd4 $14 {White has succeded to
obtain a very nice position from the opening. He has more space and his knight
is strong on e5. Nevertheless Black's position is rather solid and it's not so
easy to break through.} Bb4 {It seems that Black wants to trade the d2-knight
to get the e4-square for his knight, but it turns out that he just provokes a3.
} 15. a3 $1 {Forcing Black to make his choice right now.} Bd6 (15... Bxd2 {
offering an advantage of a bishop pair doesn't seem to be a good alternative.}
16. Rxd2 Ne4 17. Rc2 $1 {[%cal Gc4d5]} Qd6 18. b4 $1 {[%cal Gc4c5]} f6 19. c5
$16 {with a clear advantage for White.}) 16. Rfe1 g6 {A double-edged move.
From one hand Black prevents f5, but from the other he weakens the big
diagonal.} 17. Rc1 Qb8 18. Qe3 {White slowly improves his position, while
Black has to wait passively.} dxc4 19. bxc4 Rfe8 $6 {Black is trying to
regroup his forces, but weakens the f7-square.} (19... Nc5 {is senseless in
view of} 20. Bc2) 20. Ndf3 $1 {The knight goes to g5 to exploit the last move.}
Bf8 (20... h6 $6 {doesn't look like a great alternative as it weakens pawn
structure on the kingside.}) 21. Ng5 {Now Black is forced to trade the knights
on e5 and thus to improve White's pawn structure and open the f-file.} Nxe5 22.
fxe5 $16 Ng4 23. Qg3 Nh6 24. Qh3 {White prepares doubling of rooks along the
open f-file with a very annoying pressure on the f7-pawn.} (24. Qh4 $5 {
strengthening the d4-pawn on the way was probably more precise.}) 24... Bg7 25.
Rf1 Re7 26. Rf6 ({Also modest} 26. Rf4 {[%cal Gc1f1,Gf4h4] was strong.}) 26...
Rdd7 27. Rcf1 Qd8 {[%cal Gd7d4] Black prepares an exchange sacrifice on d4.}
28. R1f4 $6 {[%cal Gf4h4]} (28. d5 $1 {would be rather unpleasant for Black
since} exd5 {loses to} 29. e6 $1 fxe6 30. Nxe6 $18 {and Black's position
collapses.}) 28... b5 29. Rh4 {White ignores the threats on the queenside.} ({
Simple} 29. cxb5 $16 {was also possible.}) 29... Qf8 $2 {Too passive. A very
uncharacteristic play of Shabalov.} (29... Qa5 $1 30. Rxh6 Qd2 $1 {looks like
a good counter chance.} 31. Rxh7 Qxg5 32. Rf2 bxc4 33. Bxc4 $16 {and at least
Black succeded to meet immediate threats and obtained a nice square on d5.})
30. Bc3 $2 {White misses a chance to finish the game.} (30. Nxh7 $1 {was
devastating.} Kxh7 31. Bxg6+ $1 Kg8 ({or} 31... fxg6 32. Rxf8 Bxf8 33. Bc1 $1
$18) (31... Kh8 32. Bc1 $1 $18) 32. Bc1 Qd8 (32... Bxf6 33. Bh7+ $1 Kxh7 34.
Rxh6+ Kg8 35. exf6 $18 {[%cal Gh6h8]}) 33. Bxh6 Rxd4 34. Bh7+ $1 Kf8 35. Bxg7+
Ke8 (35... Kxg7 {leads to mate in three:} 36. Qg3+) 36. Rxd4 Qxd4+ 37. Rf2 $18
{and White is a piece up for nothing.}) 30... bxc4 31. Bc2 $6 {White prepares
Bb4 trying to win without special effects.} ({And again} 31. Nxh7 $1 {was
strong.} Qa8 (31... Kxh7 32. Bxg6+ $1 Kg8 33. Bd2 $1 $18 {and Black is doomed.}
) 32. Rxh6 Bxg2 33. Qh4 cxd3 ({After} 33... Bxh6 34. Qxh6 {[%cal Gf6g6,Gh7f6]
Black can't avoid mate in four.}) 34. Ng5 $1 {[%cal Gh6h8] and the mate in
inevitable.}) 31... a5 $1 32. Bxa5 $6 ({Is it worth to repeat that} 32. Nxh7 $1
{wins on the spot?}) 32... Qa8 33. Bb4 Qa7 ({After} 33... Re8 {White would be
able to choose between quiet} 34. Rf2 {[%cal Gh4h6] preparing Rxh6 and} ({
immediate} 34. Rxh6 $5 Bxg2 35. Qh4 Rxd4 36. Qxd4 Bxh6 37. Nxf7 {with a
decisive advantage in both cases.})) 34. Bc5 $2 {A mistake in the mutual
time-trouble.} (34. Rf2 $1 Rxd4 ({or} 34... Re8 35. Rxh6 Qxd4 36. Rxh7 $18) 35.
Rxd4 Qxd4 36. Bxe7 $18 {wins without problems.}) 34... Qa5 {[%cal Gg7f6]
Suddenly Black creates a threat of Bxf6 followed by Qe1 mate.} 35. Bb4 Qb6 36.
Bc3 {[%cal Gh4h6] The knight on h6 is doomed anyway.} (36. Rf2 $1 {was
probably more precise, but also the move in the game doesn't miss the win.}
Rxd4 37. Rxd4 Qxd4 38. Bxe7 $18 {see above.}) 36... Re8 37. Rxh6 $18 Rxd4 $1 {
The very last practical chance.} 38. Bxd4 (38. Kf1 $1 {is even more precise
and avoids unnecessary complications.}) 38... Qxd4+ 39. Rf2 Qxe5 $1 {Black is
doing his best to complicate matters.} 40. Nf3 $2 (40. Rxg6 $1 {This simple
tactical blow wins instantly. Black has nothing better tha to give up the
queen.} Qe1+ 41. Rf1 Qxf1+ 42. Kxf1 hxg6 43. Qh7+ Kf8 44. Nxf7 $1) 40... Qe3 ({
After} 40... Qa1+ $1 41. Rf1 Qxa3 {White would meet difficult problems.} 42.
Rxh7 (42. Rh4 Qe3+ 43. Kh1 Qe2) 42... Qe3+ 43. Kh1 Qe2 44. Rc1 Bxf3 45. Qxf3
Qxf3 46. Rxg7+ Kxg7 47. gxf3 $16 {and despite technical difficulties White
should be able to win.}) 41. Rxh7 Ra8 $1 {[%cal Ga8a3,Ga3a1]} ({Now} 41... Qc1+
42. Rf1 Qe3+ {leads to 40...Qa1 with the a3-pawn on the board.} (42... Qxc2 43.
Ng5 Bd4+ 44. Kh1 $18 {is hopeless for Black as he can't prevent mate without
giving up a piece on g2.}) 43. Kh1 Qe2 44. Rc1 Bxf3 45. Qxf3 (45. Rxg7+ $5)
45... Qxf3 46. Rxg7+ Kxg7 47. gxf3 $18 {and White wins.}) 42. a4 $1 c3 ({
Doesn't save} 42... Qc1+ 43. Rf1 Qxc2 44. Ng5 (44. Rxg7+ {allows counterplay
after} Kxg7 45. Ng5 Qxg2+ 46. Qxg2 Bxg2 47. Kxg2 Ra7 {and exchanging c and
a-pawns Black obtains good chances for a draw.}) 44... Bd4+ 45. Kh1 Bxg2+ 46.
Qxg2 Qxg2+ 47. Kxg2 Ra5 48. h4 Rxg5+ 49. hxg5 Kxh7 50. Rxf7+ Kg8 51. Rc7 {
and White wins thanks to the a-pawn.}) 43. Rh4 $1 Rd8 ({An attempt to make use
of the strong c-pawn is strongly met:} 43... Qc1+ 44. Rf1 Qxc2 45. Ng5 $1 {
[%cal Gh4h8]} Qxg2+ 46. Qxg2 Bxg2 47. Kxg2 Rc8 {and now White suddenly
launches a beautiful mating attack.} 48. Rxf7 $3 c2 49. Rh7 c1=Q (49... Be5 50.
Rh6 $1 $18 {[%cal Gh6g6]} c1=Q 51. Rxg6+ Kh8 52. Rh7#) (49... Bf8 50. Ne4 $1 {
[%cal Ge4f6]} Be7 51. Rxe7 c1=Q 52. Nf6+ Kf8 53. Rhf7#) 50. Rfxg7+ Kf8 51.
Nxe6+ Ke8 52. Re7#) 44. Rb4 $1 Bf8 $1 45. Rb5 $1 (45. Rxb7 $4 {loses to} Qc1+
46. Rf1 Bc5+) 45... Bc5 $6 (45... Rd5 $1 {would be a better practical chance.}
46. Kf1 Ba6 47. Re2 Bxb5 48. axb5 Qf4 $44 {[%cal Gd5b5] with some compensation.
}) 46. Rxc5 Qxc5 47. Qh4 $1 Rd5 48. h3 (48. Qf6 $1 $18 {[%csl Rf7][%cal Gf3g5]
wins without problems.}) 48... Qe3 49. Kh2 ({And again} 49. Qf6 $1 $18 {
was strong.}) 49... Kg7 $1 50. Qg3 Bc6 51. Nh4 {White is tired of the annoting
queen on e3 and happy to trade it.} Qxg3+ 52. Kxg3 Ra5 53. Rf4 {This dangerous
move could cost White half a point.} (53. Nf3 $1 {is better:} Bxa4 54. Bxa4
Rxa4 55. Ng5 $1 $18) {Now after} 53... g5 $1 54. Rg4 f5 $1 55. Rxg5+ Kf7 $1 {
White pieces are stuck on the queenside.} 56. Rh5 Kg7 $1 {Making White's task
more difficult.} (56... Bxa4 {loses to} 57. Bxa4 Rxa4 58. Rh7+ Kf6 59. Rc7 f4+
60. Kf2 Ra2+ 61. Ke1 Kg5 62. Nf3+ Kf6 63. Kf1 $1 Ra1+ 64. Kf2 Ra2+ 65. Kg1 c2
66. Kh2 e5 67. Ne1 $18) 57. Rg5+ ({Probably also not enough} 57. Bxf5 $5 exf5
58. Nxf5+ Kf8 $1 (58... Kf6 $2 59. Rh6+ Kxf5 60. Rxc6 $18) 59. Rh8+ Kf7 60.
Rh7+ Kf8 (60... Ke6 $5 61. Nd4+ Kd5 62. Ne2 Kc4 {and Black's activity seems to
compensate two pawns.}) 61. Ne3 $5 (61. Rc7 Rc5 62. Nd4 c2 63. Nxc2 Rxc2 $11)
61... Rxa4 62. Rc7 Rc4 $1 63. Nxc4 c2 64. Rxc6 c1=Q {should be a draw.}) 57...
Kf7 58. Rh5 Kg7 59. Kf2 {It's not easy to find a good alternative except 59.
Bxf5. See 57.Bxf5.} Bxa4 60. Bxa4 Rxa4 61. Ke2 Rd4 $1 {The c-pawns is
extremely strong and White is happy to give up his extra piece to stop it.} 62.
Nxf5+ exf5 63. Rxf5 Rd2+ $1 (63... Rc4 {probably doesn't save in view of} 64.
Rf1 $1 (64. Kd1 Rd4+ 65. Kc1 $2 {doesn't win:} (65. Ke2 $142 $1 Rc4 66. Rf1 $1)
65... Rd2 66. g4 Rh2 67. Rf3 c2 {and White can't make progress.}) 64... Rc6 $1
65. Kd3 Rg6 66. g4 Ra6 67. Rf3) 64. Kf3 Rd3+ $1 65. Kf2 (65. Ke4 Rd2 66. g3 c2
67. Rc5 Kf6 {and the king is going to support his c-pawn with good chances for
a draw.}) 65... Rd2+ $1 66. Kg3 Rd3+ $1 67. Kh2 (67. Kh4 $2 Rd4+ 68. g4 Rc4 69.
Rf1 c2 {and Black is not worse.}) 67... c2 ({Doesn't save} 67... Kg6 68. g4 $1
Rd2+ 69. Kg3 Rd3+ 70. Kh4 c2 71. Rc5 Rd2 72. Rc6+ Kf7 73. Kh5 Ke7 74. g5 Kd7
75. Rc3) 68. Rc5 Rd2 69. h4 Kg6 $2 {Tired after a long defense Shabalov
commits a strange mistake.} (69... Kf6 $1 {The only chance is to support the
c-pawn. Otherwise White wins without problems.} 70. h5 (70. Rc6+ Kf5 71. Kh3
Ke4 72. h5 Kd3 73. h6 Rd1 74. Kh4 c1=Q 75. Rxc1 Rxc1 $11) (70. Kh3 Ke6 71. g3
Kd6 72. Rc8 Ke5 73. h5 Ke4 {[%cal Ge4d3]} 74. h6 (74. Kh4 Kd3 75. h6 Rd1 $1 76.
h7 c1=Q 77. Rxc1 Rxc1 78. Kg5 Rc5+ 79. Kg6 Rc6+ 80. Kg7 Rc7+ {with a draw.})
74... Rd6 75. Rxc2 Rxh6+) 70... Rd5) 70. Kh3 Kh6 $2 ({Probably it wasn't late
to come back to the right plan.} 70... Kf6 $1) 71. g4 $18 {Now it's over.} Rd3+
72. Kg2 Rd2+ 73. Kf3 Rd3+ 74. Ke4 Rd2 75. Rc6+ Kg7 76. h5 Rf2 77. g5 Rh2 78.
Rc7+ Kf8 79. h6 Rd2 80. h7 {Despite some inaccuracies this game is a big
achievement of the young American talent.} 1-0

[Event "Moscow Aeroflot op-A"]
[Site "Moscow"]
[Date "2005.02.21"]
[Round "7"]
[White "Bu, Xiangzhi"]
[Black "Tregubov, Pavel V"]
[Result "1/2-1/2"]
[WhiteElo "2607"]
[BlackElo "2629"]
[Annotator "Mikhalevski,V"]
[PlyCount "69"]
[EventDate "2005.02.15"]
[EventType "swiss"]
[EventRounds "9"]
[EventCountry "RUS"]
[SourceTitle "CBM 106"]
[Source "ChessBase"]
[SourceDate "2005.06.06"]
[SourceVersion "1"]
[SourceVersionDate "2005.06.06"]
[SourceQuality "1"]

1. c4 e6 2. d4 d5 3. Nf3 c6 4. Qc2 dxc4 5. Qxc4 Nf6 6. Bg5 b5 7. Qc2 Bb7 8.
Nbd2 (8. e4 $5) 8... Nbd7 9. e3 ({And again} 9. e4 $5 {is worth trying.}) 9...
Qb6 {[%cal Gc6c5]} 10. a4 $1 {The play is concentrated around the c5-advance.}
Bb4 11. Bd3 {In according to Roiz Black has no problems after this move.} ({
He recommends} 11. Be2 O-O 12. O-O Rfc8 13. Rfc1 $1 (13. Qb3 $6 a5 14. Bxf6
Nxf6 15. Rfc1 Ba6 16. Qd1 c5 $11 {Collas,D-Tregubov,P, Degremont 2004/CBM100
[Roiz]}) 13... a5 14. Bxf6 Nxf6 15. Nb3 $14 {Roiz}) 11... h6 $6 {Black wastes
an important tempo.} ({As it was correctly indicated by Roiz Black equalizes
by means of} 11... O-O 12. O-O Rfc8 (12... h6 13. Bxf6 Nxf6 14. Nb3 $14) 13.
Bxf6 Nxf6 14. Ne4 Nd7 $1 $11 (14... Nxe4 $6 15. Bxe4 g6 16. Ne5 $14)) 12. Bxf6
Nxf6 13. O-O Nd7 {[%csl Gc5]} ({Now} 13... O-O {would transpose to the
above-mentioned line after} 14. Nb3 $14) 14. Nb3 $6 {White doesn't take his
chance.} (14. Rfc1 $1 {would be much more unpleasant for Black.} O-O $2 (14...
a6 $142 $1 {is necessary} 15. Nb3 $14) 15. axb5 cxb5 16. Qc7 $1 Nf6 17. Qxb6
axb6 18. Bxb5 $16) 14... bxa4 $1 15. Rxa4 O-O 16. Rc1 $6 {It seems that White
prevents to advance the c-pawn, but in fact this is an illusion.} (16. Rfa1 $1
{[%cal Gb3a5,Gf3d2,Gd2c4] would be a better chance to fight for advantage.} c5
17. Nfd2 {[%cal Gd2c4]} Bd5 (17... cxd4 $6 {is dangerous in view of} 18. Nc4
Qc6 19. f3 {[%csl Rb4,Rd4]}) 18. Ra6 Qb7 19. dxc5 {[%cal Gc5c6]} Rfc8 20. Ne4
Bxb3 21. Qxb3 Nxc5 22. Nxc5 Rxc5 23. Be2 $1 {[%cal Ge2f3]} Rg5 24. g3 $14 {
[%csl Rb4][%cal Ge2f1,Gf1g2]}) 16... a5 $6 {Now Black misses a chance to
equalize.} ({He could play} 16... c5 $1 {despite White's last move.} 17. dxc5
Bxc5 $1 18. Nxc5 $6 (18. Ra5 $142 Bxf3 19. gxf3 (19. Rb5 Qd8 20. Nxc5 Qg5 21.
g3 Rac8 {and Black is fine.}) 19... Be7 $11) 18... Nxc5 19. Qxc5 $2 Rfc8 $17 {
[%csl Rc1]}) 17. Nfd2 $1 {[%csl Ra5,Rc5][%cal Gd2c4,Gd2e4] A nice square for
the knight. From here it can go to both c4 and e4 either attacking the queen
and the a5-pawn or coming to a weak c5-square.} Ba6 18. Bxa6 (18. Nc4 $5 {
deserved serious attention.} Bxc4 19. Qxc4 Rfc8 20. Nxa5 $1 Bxa5 $1 (20... c5
$2 {doesn't work:} 21. Nc6 $3 {This brilliant tactical blow brings White an
advantage.} Qxc6 ({or} 21... Rxa4 22. Ne7+ Kf8 23. Nxc8 Qd8 24. Qb5 Ra5 25. Qb7
$16) 22. Rxb4) 21. b4 {[%csl Ra5]} Bxb4 22. Rxb4 $14 {[%csl Rc6] and White is
slightly better thanks to weakness of the c6-pawn.} (22. Qxb4 $5)) 18... Rxa6
19. Ne4 {[%csl Rc5]} ({After} 19. Nc4 Qb5 20. Rca1 Rfa8 {[%cal Gd7b6] Black
keeps the position.}) 19... Qb5 20. Ra2 (20. Nbc5 {doesn't set problems.} Nxc5
21. dxc5 Rd8 $11) 20... Rb8 21. Nbc5 (21. Nbd2 {would have been a last try to
create some problems for Black, but frankly speaking I think that White has
already missed his chances.}) 21... Bxc5 22. Nxc5 Nxc5 23. Qxc5 Qxc5 24. Rxc5
a4 25. Kf1 ({White has no time for} 25. Rc4 {with the idea to bring the king
to c2 in view of} a3 $1 {[%csl Rg1]}) 25... Rb4 $1 $11 {Black prevents Rc4 and
keeps the position. The rest doesn't require comments.} 26. Ke2 Rab6 27. Rc2
Kf8 28. Kd2 Ke7 29. Kc1 Kd6 30. Ra3 f5 31. Rac3 g5 32. Rc5 Ra6 33. R5c3 h5 34.
h3 Rb5 35. Rc4 1/2-1/2

[Event "RUS-chT 12th"]
[Site "Sochi"]
[Date "2005.04.24"]
[Round "6"]
[White "Sakaev, Konstantin"]
[Black "Kobalia, Mihail"]
[Result "1/2-1/2"]
[WhiteElo "2672"]
[BlackElo "2644"]
[Annotator "Mikhalevski,V"]
[PlyCount "53"]
[EventDate "2005.04.19"]
[EventType "team-tourn"]
[EventRounds "11"]
[EventCountry "RUS"]
[SourceTitle "EXT 2020"]
[Source "ChessBase"]
[SourceDate "2019.10.17"]
[SourceVersion "1"]
[SourceVersionDate "2019.10.17"]
[SourceQuality "1"]
[WhiteTeam "Sverdlovsk Ural region"]
[BlackTeam "Moscow Youth of"]
[WhiteTeamCountry "RUS"]
[BlackTeamCountry "RUS"]

1. d4 d5 2. c4 c6 3. Nf3 e6 4. e3 Nf6 5. Bd3 Nbd7 6. O-O Bd6 7. Nbd2 O-O 8. e4
e5 9. cxd5 cxd5 10. exd5 exd4 11. Ne4 Nxe4 12. Bxe4 Nf6 13. Bg5 h6 {Black
sacrifices a pawn, but forces an exchange of White's dark-squared bishop. This
move is considered to be dubious in view of the game below. The current game
is an attempt to revive it.} (13... Be7 {is the main line. See a detailed
information on it in the game Tregubov,P-Burmakin,A, RUS-ch qual 2004/CBM102
[Mikhalevski,V]}) 14. Bxf6 (14. Bh4 $2 {loses to} g5 {[%csl Re4]}) 14... Qxf6
15. Qxd4 Qxd4 16. Nxd4 {White obtained an extra pawn on d5, but it is
well-blocked. Moreover Black has the advantage of the bishops pair, which is
also partly compensates the pawn.} Bd7 17. Rfd1 {[%cal Ge4f5] White is not
waiting for Black to show an improvement and avoids the earlier game first.
The point behind the move is to protect the d4-knight and the d5-pawn in
advance and thus to prepare Bf5.} ({Here is how Tregubov proved White's
superiority:} 17. Rac1 g6 18. Bd3 {[%cal Gd3b5]} a6 19. Nb3 {[%cal Gb3c5]} Rfc8
20. Na5 Rxc1 21. Rxc1 Rc8 22. Rd1 b5 23. Nb7 Bf8 24. Be4 Rc4 25. Bf3 {and it
turns out that the d-pawn is a real danger.} Bc8 ({or} 25... Rc2 26. d6 $1 {
[%cal Gb2b4]}) 26. d6 $1 Bxb7 27. d7 $1 (27. Bxb7 Bxd6 $1 28. Bxa6 Rc2 29. Bxb5
Bc5 $132 {[%csl Rb2,Rf2]}) 27... Bxf3 28. d8=Q Bxd1 29. Qxd1 $16 {1-0 Tregubov,
P-Kallai,G/France 2002/EXT 2003 (60). (59) and despite technical difficulties
White converted his advantage into a win.}) ({It would be nice to trade the
light-squared bishops, but immediate} 17. Bf5 {doesn't reach the goal in view
of} Rad8 {[%csl Rd5][%cal Gd6c5,Gd6e5] and suddenlt the d5-pawn becomes an
oject of attack.} (17... Be5 18. Bxd7 Bxd4 19. Rfd1 Be5 20. Rd2 $16)) 17... g6
18. g3 Rac8 19. Kg2 Rc4 $1 {[%csl Rd4,Re4][%cal Gd6e5] Black provokes the
weakening of the dark-squares on the queenside.} 20. b3 Rc3 21. Rac1 Rfc8 $1 {
Black takes control of the c-file and thus forces exchange of all rooks.} (
21... Rxc1 $6 {is worse. F.e.} 22. Rxc1 Re8 23. Bd3 Re5 24. Rd1 $1 Rxd5 25. Be4
Re5 26. Bxb7 $16) 22. Rxc3 Rxc3 23. h4 h5 24. Ne2 Rc5 25. Rc1 {White doesn't
see a plan to make progress and so he exchanges the rooks and offers a draw.}
Kg7 26. Rxc5 Bxc5 27. Nf4 {Indeed one can hardly find any productive idea here.
The honour of the 13...h6-line was restored.} ({Certainly not} 27. d6 $2 b5 $1
{and White has to fight for a draw.}) 1/2-1/2